Lope de Aguirre, el peregrino : (Record no. 135670)

MARC details
000 -LEADER
campo de control de longitud fija 00806nam a2200217 i 4500
001 - NÚMERO DE CONTROL
campo de control 135670
003 - IDENTIFICADOR DE NÚMERO DE CONTROL
campo de control ES-MaACL
005 - FECHA Y HORA DE LA ÚLTIMA TRANSACCIÓN
campo de control 20250905154909.0
007 - CAMPO FIJO DE DESCRIPCIÓN FÍSICA--INFORMACIÓN GENERAL
campo de control de longitud fija t|
008 - DATOS DE LONGITUD FIJA--INFORMACIÓN GENERAL
campo de control de longitud fija 070730s1940 sp ||||1| spa d
100 1# - ENTRADA PRINCIPAL--NOMBRE DE PERSONA
Nombre de persona Torrente Ballester, Gonzalo,
Fechas asociadas al nombre 1910-1999
9 (RLIN) 110850
245 10 - MENCIÓN DEL TÍTULO
Título Lope de Aguirre, el peregrino :
Resto del título biografía /
Mención de responsabilidad, etc. por Gonzalo Torrente Ballester ; [il. de Esplandiu].
260 ## - PUBLICACIÓN, DISTRIBUCIÓN, ETC.
Lugar de publicación, distribución, etc. [Madrid :
Nombre del editor, distribuidor, etc. Vértice],
Fecha de publicación, distribución, etc. 1940 (
Fabricante Sucs. de Rivadeneyra)
300 ## - DESCRIPCIÓN FÍSICA
Extensión 15 p. :
Otras características físicas il. ;
Dimensiones 28 cm.
490 1# - MENCIÓN DE SERIE
Mención de serie Suplemento literario de "Vértice" ;
Designación de volumen o secuencia agosto 1940
600 17 - PUNTO DE ACCESO ADICIONAL DE MATERIA--NOMBRE DE PERSONA
Nombre de persona Aguirre, Lope de,
Fechas asociadas al nombre ca. 1516-1561
Fuente del encabezamiento o término
9 (RLIN) 145052
700 1# - ENTRADA AGREGADA--NOMBRE PERSONAL
Nombre de persona Esplandiu, Juan.
9 (RLIN) 47932
830 1# - PUNTO DE ACCESO ADICIONAL DE SERIE-TÍTULO UNIFORME
Título uniforme Suplemento literario de "Vértice" ;
Designación de volumen o secuencia agosto 1940
9 (RLIN) 181046
852 ## - LOCALIZACIÓN
Ubicación ES-MaACL
Número de control de estantería 1846-F-18
Holdings
Estatus retirado Estado de pérdida Estado de daño No para préstamo Colección Biblioteca de origen Biblioteca actual Ubicación en estantería Fecha de adquisición Fuente de adquisición Total de préstamos Signatura topográfica completa Código de barras Visto por última vez Precio de reemplazo Tipo de ítem Koha
        Colección de folletos Biblioteca del Ateneo de Madrid Biblioteca del Ateneo de Madrid Depósito folletos 17/01/2008     1846-F-18 1141200 23/02/2023 23/02/2023 Folleto